[Event "Joao Pessoa de Assis Memorial 3rd"]
[Site "Joao Pessoa"]
[Date "2023.10.22"]
[Round "5"]
[White "Magalhaes, Gleidson Castelo Br"]
[Black "De Lima, Enzo Magalhaes"]
[Result "1-0"]
[WhiteElo "1800"]
[BlackElo "1990"]
[PlyCount "67"]
[EventDate "2023.10.20"]
[EventType "swiss"]
[EventRounds "6"]
[EventCountry "BRA"]
[SourceTitle "CBM 216 Extra"]
[Source "ChessBase"]
[SourceDate "2023.11.30"]
[SourceVersion "1"]
[SourceVersionDate "2023.11.30"]
[SourceQuality "1"]

1. e4 c5 2. Nf3 a6 3. Nc3 e6 4. Be2 Qc7 5. d3 Ne7 6. Be3 d6 7. Rc1 b5 8. a3 Nbc6 9. 0-0 g6 10. Qd2 Bg7 11. Bh6 0-0 12. Bxg7 Kxg7 13. h3 f5 14. exf5 Nxf5 15. Ne4 Ncd4 16. Nxd4 Nxd4 17. Bg4 d5 18. Ng3 e5 19. Qg5 Bxg4 20. Qxg4 Rae8 21. c3 Ne6 22. Ne2 Rf5 23. h4 h5 24. Qh3 Qf7 25. Qe3 Qf6 26. Qh3 Re7 27. g3 Rf3 28. Rcd1 g5 29. Kg2 Nf4+ 30. Nxf4 Rxf4 31. gxf4 g4 32. Qh2 exf4 33. Rde1 Rf7 34. Re8 1-0

[Event "Joao Pessoa de Assis Memorial 3rd"]
[Site "Joao Pessoa"]
[Date "2023.10.22"]
[Round "6"]
[White "Magalhaes, Gleidson Castelo Br"]
[Black "De Oliveira, Genivaldo Manoel"]
[Result "1/2-1/2"]
[WhiteElo "1800"]
[BlackElo "1664"]
[PlyCount "50"]
[EventDate "2023.10.20"]
[EventType "swiss"]
[EventRounds "6"]
[EventCountry "BRA"]
[SourceTitle "CBM 216 Extra"]
[Source "ChessBase"]
[SourceDate "2023.11.30"]
[SourceVersion "1"]
[SourceVersionDate "2023.11.30"]
[SourceQuality "1"]

1. e4 d6 2. Nf3 e5 3. h3 Nf6 4. Nc3 Be7 5. Bc4 c6 6. a3 Nbd7 7. d3 0-0 8. 0-0 Qc7 9. Bg5 Nc5 10. b4 Ne6 11. Bxf6 Bxf6 12. Ne2 Ng5 13. Nxg5 Bxg5 14. Ng3 g6 15. Ne2 Qe7 16. f4 exf4 17. Nxf4 Bxf4 18. Rxf4 Qe5 19. Rf2 d5 20. exd5 cxd5 21. Bb3 Be6 22. Rc1 Qc3 23. Qe1 Rac8 24. Qxc3 Rxc3 25. Rcf1 b5 1/2-1/2

[Event "Joao Pessoa de Assis Memorial 3rd"]
[Site "Joao Pessoa"]
[Date "2023.10.21"]
[Round "4"]
[White "Batista, Davi de Azevedo"]
[Black "Magalhaes, Gleidson Castelo Br"]
[Result "1-0"]
[WhiteElo "1816"]
[BlackElo "1800"]
[PlyCount "64"]
[EventDate "2023.10.20"]
[EventType "swiss"]
[EventRounds "6"]
[EventCountry "BRA"]
[SourceTitle "CBM 216 Extra"]
[Source "ChessBase"]
[SourceDate "2023.11.30"]
[SourceVersion "1"]
[SourceVersionDate "2023.11.30"]
[SourceQuality "1"]

1. e4 e5 2. Nf3 Nc6 3. Bb5 d6 4. c3 Be7 5. d4 exd4 6. cxd4 Bd7 7. Nc3 a6 8. Ba4 b5 9. Bc2 Bg4 10. Be3 Nf6 11. 0-0 0-0 12. a3 Na5 13. Bg5 c5 14. d5 Nc4 15. Qc1 Bxf3 16. gxf3 Nd7 17. Bf4 Nde5 18. Bxe5 Nxe5 19. f4 Nf3+ 20. Kh1 Bf6 21. Qe3 Nd4 22. Bd1 g6 23. b4 Re8 24. bxc5 dxc5 25. Rc1 Qa5 26. e5 Bg7 27. Ne4 Nf5 28. Qxc5 Qd8 29. Rg1 Qh4 30. Rg4 Qh3 31. Rc3 Qh6 32. Ng5 Rac8 1-0